Rumpole of the Bailey / (Record no. 1138)

000 -LEADER
fixed length control field 01251nam a22003617a 4500
001 - CONTROL NUMBER
control field 2469986
003 - CONTROL NUMBER IDENTIFIER
control field OSt
005 - DATE AND TIME OF LATEST TRANSACTION
control field 20210426122244.0
008 - FIXED-LENGTH DATA ELEMENTS--GENERAL INFORMATION
fixed length control field 901220r19911978nyu 000 1 eng
010 ## - LIBRARY OF CONGRESS CONTROL NUMBER
LC control number 90028741
020 ## - INTERNATIONAL STANDARD BOOK NUMBER
International Standard Book Number 0922890811 (trade) :
020 ## - INTERNATIONAL STANDARD BOOK NUMBER
International Standard Book Number 092289082X (collector) :
020 ## - INTERNATIONAL STANDARD BOOK NUMBER
International Standard Book Number 0922890838 (limited) :
040 ## - CATALOGING SOURCE
Original cataloging agency DLC
Transcribing agency DLC
Modifying agency DLC
Language of cataloging eng
041 ## - LANGUAGE CODE
Language code of text/sound track or separate title eng
050 00 - LIBRARY OF CONGRESS CALL NUMBER
Classification number PR6025.O7552
Item number R8 1991
080 ## - UNIVERSAL DECIMAL CLASSIFICATION NUMBER
Universal Decimal Classification number 821.111
Item number M-87
082 00 - DEWEY DECIMAL CLASSIFICATION NUMBER
Classification number 823/.914
Edition number 20
100 1# - MAIN ENTRY--PERSONAL NAME
Personal name Mortimer, John,
Dates associated with a name 1923-2009.
245 10 - TITLE STATEMENT
Title Rumpole of the Bailey /
Statement of responsibility, etc. John Mortimer.
Remainder of title / by: Armchair Detective Library
260 ## - PUBLICATION, DISTRIBUTION, ETC.
Place of publication, distribution, etc. New York, NY
Name of publisher, distributor, etc. Armchair Detective Library
Date of publication, distribution, etc. c1991.
300 ## - PHYSICAL DESCRIPTION
Extent iv, 208 p.
Dimensions 23 cm.
365 ## - TRADE PRICE
Price amount 18.95 usd
650 #0 - SUBJECT ADDED ENTRY--TOPICAL TERM
Topical term or geographic name entry element Rumpole, Horace (Fictitious character)
General subdivision Fiction.
650 #0 - SUBJECT ADDED ENTRY--TOPICAL TERM
Topical term or geographic name entry element English literature
9 (RLIN) 254
650 #0 - SUBJECT ADDED ENTRY--TOPICAL TERM
Topical term or geographic name entry element Detective and mystery stories, English.
650 #0 - SUBJECT ADDED ENTRY--TOPICAL TERM
Topical term or geographic name entry element Legal stories, English.
651 #0 - SUBJECT ADDED ENTRY--GEOGRAPHIC NAME
Geographic name London (England)
Form subdivision Fiction.
653 ## - INDEX TERM--UNCONTROLLED
Uncontrolled term ინგლისური ლიტერატურა
906 ## - LOCAL DATA ELEMENT F, LDF (RLIN)
a 7
b cbc
c orignew
d 1
e ocip
f 19
g y-gencatlg
942 ## - ADDED ENTRY ELEMENTS (KOHA)
Source of classification or shelving scheme
Koha item type Books
Holdings
Withdrawn status Lost status Source of classification or shelving scheme Damaged status Not for loan Permanent location Current location Date acquired Inventory number Total Checkouts Full call number Barcode Date last seen Price effective from Koha item type
          Ken Walker International University Ken Walker International University 02/03/2021 479   821.111 M-87 479 02/03/2021 02/03/2021 Books

Powered by Koha